| 000 | 01526nam a22003857a 4500 | ||
|---|---|---|---|
| 003 | CHAP | ||
| 005 | 20220329143714.0 | ||
| 008 | 110311s2011 mx r 00010 spa d | ||
| 010 | _a100634 | ||
| 011 | _a101606 | ||
| 035 | _a112294 | ||
| 040 | _cCHAP | ||
| 090 | _aTesis | ||
| 100 | 1 |
_aLópez Díaz, Ismael. _967831 |
|
| 245 | 1 | 0 |
_aCaracterización de progenitores potenciales de híbridos de jitomate (Lycopersicon esculentum.) utilizando marcadores RAPDs _h[En línea] _c/por Ismael López Díaz |
| 260 |
_aChapingo, Méx. : _bEl autor, _c2011 |
||
| 500 | _aPara ver el contenido del material haga clic en la liga | ||
| 502 | _aTesis (M.C. en Biotecnología Agrícola) -- UACH. Departamento de Fitotecnia | ||
| 590 |
_aALEPH _b10 _c20130110 _lUCH01 _h1539 |
||
| 590 |
_aBATCH-UPD _b10 _c20130110 _lUCH01 _h1607 |
||
| 590 |
_aBATCH-UPD _b10 _c20130410 _lUCH01 _h1003 |
||
| 590 |
_aBATCH-UPD _b10 _c20130914 _lUCH01 _h1612 |
||
| 590 |
_aBATCH-UPD _b10 _c20140324 _lUCH01 _h1523 |
||
| 590 |
_aBATCH-UPD _b10 _c20141002 _lUCH01 _h0848 |
||
| 590 |
_aCONVERSION _b10 _c20130109 _lUCH01 _h1355 |
||
| 650 | 1 | 4 |
_aHeterosis. _955071 |
| 650 | 1 | 4 |
_aMarcadores genéticos. _971249 |
| 650 | 1 | 4 |
_aTomate _xGenética. _9113726 |
| 650 | 1 | 4 |
_aTomate _xHíbridos. _9113732 |
| 856 |
_3Finding aid _uhttp://10.13.5.2/tesis/112294.pdf _zTeclea aqui |
||
| 901 | _aBK | ||
| 942 | _cFOLL | ||
| 949 |
_aTesis _bBC _cTES _d33724002237644 _eTS1 _gDonaciØn _h52057 _i112294 _st |
||
| 949 |
_aTesis _bBC _cTES _d33724002238975 _eTS2 _fc.2 _gDonaciØn _h52058 _i112294 _st |
||
| 999 |
_c100634 _d100634 |
||